| 000 | 00463nam a22001817a 4500 | ||
|---|---|---|---|
| 005 | 20230926124021.0 | ||
| 008 | 200517b xxu||||| |||| 00| 0 eng d | ||
| 020 | _a9788123917221 | ||
| 041 | _aeng | ||
| 082 | _a543.08 GRA | ||
| 100 |
_aGRAY, N _98195 |
||
| 245 |
_aINSTRUMENTAL METHODS OF ANALYSIS _cN GRAY |
||
| 250 | _a1'ST | ||
| 260 |
_aNew Delhi _bCBS Publishers and distributors _c2018 |
||
| 300 | _a584, xxiii | ||
| 650 |
_aPharmacy _98196 |
||
| 942 | _cBK | ||
| 999 |
_c6213 _d6211 |
||